La chula (Registro nro. 159233)
[ vista simple ]
| 000 -LEADER | |
|---|---|
| campo de control de longitud fija | 00527nam a22001575i 4500 |
| 001 - NÚMERO DE CONTROL | |
| campo de control | 159233 |
| 003 - IDENTIFICADOR DE NÚMERO DE CONTROL | |
| campo de control | ES-MaACL |
| 005 - FECHA Y HORA DE LA ÚLTIMA TRANSACCIÓN | |
| campo de control | 20230906211514.0 |
| 008 - DATOS DE LONGITUD FIJA--INFORMACIÓN GENERAL | |
| campo de control de longitud fija | 990510s1870 sp |||| | spa d |
| 040 ## - FUENTE DE CATALOGACIÓN | |
| Centro catalogador/agencia de origen | CAM |
| Lengua de catalogación | spa |
| Centro/agencia transcriptor | CAM |
| 100 1# - ENTRADA PRINCIPAL--NOMBRE DE PERSONA | |
| Nombre de persona | Mayo, Francisco de Sales. |
| 9 (RLIN) | 79392 |
| 245 13 - MENCIÓN DEL TÍTULO | |
| Título | La chula |
| Resto del título | : historias de muchos / |
| Mención de responsabilidad, etc. | por Francisco de Sales Mayo, autor de La Condesita. |
| 260 ## - PUBLICACIÓN, DISTRIBUCIÓN, ETC. | |
| Lugar de publicación, distribución, etc. | Madrid : |
| Nombre del editor, distribuidor, etc. | [s.n.], |
| Fecha de publicación, distribución, etc. | 1870 ( |
| Fabricante | Oficina Tipográfica del Hospicio) |
| 300 ## - DESCRIPCIÓN FÍSICA | |
| Extensión | 224 p. ; |
| Dimensiones | 20 cm. |
| 852 ## - LOCALIZACIÓN | |
| Ubicación | ES-MaACL |
| Número de control de estantería | D-3685 |
| Nota libre | -- Enc. hol. |
| Estatus retirado | Estado de pérdida | Estado de daño | No para préstamo | Colección | Biblioteca de origen | Biblioteca actual | Ubicación en estantería | Fecha de adquisición | Fuente de adquisición | Total de préstamos | Signatura topográfica completa | Código de barras | Visto por última vez | Precio de reemplazo | Tipo de ítem Koha |
|---|---|---|---|---|---|---|---|---|---|---|---|---|---|---|---|
| Libros del s. XIX | Biblioteca del Ateneo de Madrid | Biblioteca del Ateneo de Madrid | Sala Valle Inclán | 17/01/2008 | D-3685 | 901166692 | 23/02/2023 | 23/02/2023 | Libro impreso antiguo |
